000 00544 a2200169 4500
999 _c7643
_d7643
010 _aENG-88102
020 _a8186852549
_c150.00
035 _aEN-71635
037 _bDBAD / PUB
082 1 4 _a158.1
100 1 _aDevrye, Catherine
245 1 _aHot lemon & honey :
_breflections for success in times of change /
_cby Catherine Devrye
260 _aChennai
_bEast West Books (Madras)
_c2000
270 _a62-A, Ormes Raod, Kilpauk
_bChennai
_e600 010
300 _aix, 229 p.
_c18 cm (Pbk)
942 _adpl
_cEN
_2ddc
_h158.1
_mDEV